|
|
|
|
| LEADER |
00000naa2a2200000 4500 |
| 001 |
235952 |
| 005 |
20260105153225.0 |
| 035 |
|
|
|a (RuTPU)RU\TPU\book\257096
|
| 035 |
|
|
|a RU\TPU\book\257072
|
| 090 |
|
|
|a 235952
|
| 100 |
|
|
|a 20130418d2013 k y0rusy50 ca
|
| 101 |
0 |
|
|a rus
|
| 102 |
|
|
|a RU
|
| 135 |
|
|
|a drcn ---uucaa
|
| 181 |
|
0 |
|a i
|
| 182 |
|
0 |
|a b
|
| 200 |
1 |
|
|a Особенности картин локализации пластической деформации при электролитическом наводороживании низкоуглеродистых сталей
|f М. В. Надежкин [и др.]
|
| 203 |
|
|
|a Текст
|c электронный
|
| 225 |
1 |
|
|a Проблемы надежности машиностроения и машиностроительные технологии
|
| 300 |
|
|
|a Заглавие с титульного экрана
|
| 320 |
|
|
|a [Библиогр.: с. 270-271 (6 назв.)]
|
| 337 |
|
|
|a Adobe Reader
|
| 461 |
|
1 |
|0 (RuTPU)RU\TPU\book\256460
|t Высокие технологии в современной науке и технике
|o сборник научных трудов II Всероссийской научно-технической конференции молодых ученых, аспирантов и студентов с международным участием, Томск, 27-29 марта 2013 г
|o в 2 т.
|f Национальный исследовательский Томский политехнический университет (ТПУ)
|d 2013
|
| 463 |
|
1 |
|0 (RuTPU)RU\TPU\book\256473
|t Т. 2
|v [С. 266-271]
|d 2013
|
| 610 |
1 |
|
|a труды учёных ТПУ
|
| 610 |
1 |
|
|a электронный ресурс
|
| 610 |
1 |
|
|a локализованные деформации
|
| 610 |
1 |
|
|a электролитическое насыщение
|
| 610 |
1 |
|
|a наводороживание
|
| 610 |
1 |
|
|a низкоуглеродистые стали
|
| 701 |
|
1 |
|a Надежкин
|b М. В.
|c физик
|c старший преподаватель Томского политехнического университета, кандидат технических наук
|f 1982-
|g Михаил Владимирович
|3 (RuTPU)RU\TPU\pers\32349
|
| 701 |
|
1 |
|a Лунёв
|b А. Г.
|c физик
|c доцент Томского политехнического университета, кандидат технических наук
|f 1978-
|g Алексей Геннадьевич
|3 (RuTPU)RU\TPU\pers\32708
|
| 701 |
|
1 |
|a Баранникова
|b С. А.
|
| 701 |
|
1 |
|a Павлов
|b А. П.
|
| 701 |
|
1 |
|a Косинов
|b Д. А.
|
| 801 |
|
2 |
|a RU
|b 63413507
|c 20150310
|g RCR
|
| 856 |
4 |
|
|u http://www.lib.tpu.ru/fulltext/c/2013/C17/V2/089.pdf
|
| 942 |
|
|
|c CF
|